| 000 | 00570nam a22002177a 4500 | ||
|---|---|---|---|
| 005 | 20170124110053.0 | ||
| 010 | _aA-233292 | ||
| 020 |
_c00.00 _a0582400023 |
||
| 035 | _aA-233292 | ||
| 037 | _bCen Lib/Ret | ||
| 040 |
_aDPL _bEN |
||
| 082 |
_a657 _bROC |
||
| 100 |
_aRoche, A. _925895 |
||
| 245 |
_aAccountancy control systems / _cby A.Roche |
||
| 260 |
_aLondon _bLongman _c1982 |
||
| 270 |
_aLondon _bLondon |
||
| 300 |
_a283p. _c21cm(Hb) |
||
| 650 |
_aAccounting _910075 |
||
| 650 |
_aCost accounting _925896 |
||
| 942 |
_2ddc _cEN _h657 _mROC |
||
| 999 |
_c129271 _d129271 |
||